Ideología e historia : la formación del cristianismo como fenómeno ideológico /
Se analiza la temática de las ideologías con el pensamiento marxista para hacer un esquema de la estructura general de las formaciones ideológicas. Con esta metodología, aborda el análisis del fenómeno cristiano como proceso ideológico, desde sus raíces originales en el judaísmo tardío hasta la prim...
Uloženo v:
| Hlavní autor: | |
|---|---|
| Médium: | Kniha |
| Jazyk: | španělština |
| Vydáno: |
Madrid, España :
Siglo XXI,
1974, c1974
|
| Edice: | (Teoría Siglo XXI)
|
| Témata: | |
| Tagy: |
Žádné tagy, Buďte první, kdo vytvoří štítek k tomuto záznamu!
|
MARC
| LEADER | 00000nam^a2200000^a^4500 | ||
|---|---|---|---|
| 001 | 000000847 | ||
| 005 | 20250521000000.0 | ||
| 009 | 20260310083044.381 | ||
| 020 | |a 84-323-0125-6 | ||
| 037 | |a Acervo ITESO - Biblioteca | ||
| 041 | |a ESP | ||
| 082 | |a 201. |b PUE | ||
| 100 | |a Puente Ojea, Gonzalo |e (autor) | ||
| 245 | 1 | 0 | |a Ideología e historia : |b la formación del cristianismo como fenómeno ideológico / |c G. Puente Ojea. |
| 264 | 4 | |a Madrid, España : |b Siglo XXI, |c 1974, c1974 | |
| 300 | |a 401 p. | ||
| 336 | |a texto |b txt |2 rdacontenido | ||
| 337 | |a sin mediación |b n |2 rdamedio | ||
| 338 | |a volumen |b nc |2 rdasoporte | ||
| 440 | 1 | |a (Teoría Siglo XXI) | |
| 520 | |a Se analiza la temática de las ideologías con el pensamiento marxista para hacer un esquema de la estructura general de las formaciones ideológicas. Con esta metodología, aborda el análisis del fenómeno cristiano como proceso ideológico, desde sus raíces originales en el judaísmo tardío hasta la primera fase de su despliegue medieval. | ||
| 649 | |a XX | ||
| 650 | |a Iglesia Católica - |x Historia | ||
| 650 | |a Ideología - |x Tema Principal | ||
| 650 | |a Marxismo - |x Metodología | ||
| 650 | |a Cristianismo - |x Filosofía - |x Tema Principal | ||
| 650 | |a Catolicismo | ||
| 650 | |a Religión | ||
| 910 | |a Fondo General | ||
| 920 | |a Impresos - Libros | ||
| 930 | |a Colección General | ||
| 905 | |a 101 | ||
| 901 | |a 0008470100 |b IT1 |c ACC |i 000847 |u 20250521 | ||
| 902 | |a https://opac.biblio.iteso.mx/vufind/Record/000000847 | ||